Early Intervention by Counsel: A Multi-Site Evaluation of the Presence of Counsel at Defendants' First Appearance (CAFA) in Court, 6 New York State counties, 2012-2016

This study sought to assess the impact of local programs that ensure that legal counsel is provided at first appearance (usually arraignment) in court on court decisions (such as bail or pretrial release, and consequences such as pretrial detention and booking at a local detention facility), as well...

Full description

Saved in:  
Bibliographic Details
Main Author: Worden, Alissa Pollitz (Author)
Contributors: Davies, Andrew L.B. (Contributor)
Format: Electronic Research Data
Language:English
Published: [Erscheinungsort nicht ermittelbar] [Verlag nicht ermittelbar] 2020
In:Year: 2020
Online Access: Volltext (kostenfrei)
Check availability: HBZ Gateway
Keywords:

MARC

LEADER 00000cam a22000002c 4500
001 1840038713
003 DE-627
005 20260320204239.0
007 cr uuu---uuuuu
008 230324s2020 xx |||||o 00| ||eng c
024 7 |a 10.3886/ICPSR37370.v1  |2 doi 
035 |a (DE-627)1840038713 
035 |a (DE-599)KXP1840038713 
040 |a DE-627  |b ger  |c DE-627  |e rda 
041 |a eng 
084 |a 2,1  |2 ssgn 
100 1 |a Worden, Alissa Pollitz  |e VerfasserIn  |4 aut 
245 1 0 |a Early Intervention by Counsel: A Multi-Site Evaluation of the Presence of Counsel at Defendants' First Appearance (CAFA) in Court, 6 New York State counties, 2012-2016 
264 1 |a [Erscheinungsort nicht ermittelbar]  |b [Verlag nicht ermittelbar]  |c 2020 
336 |a Text  |b txt  |2 rdacontent 
337 |a Computermedien  |b c  |2 rdamedia 
338 |a Online-Ressource  |b cr  |2 rdacarrier 
520 |a This study sought to assess the impact of local programs that ensure that legal counsel is provided at first appearance (usually arraignment) in court on court decisions (such as bail or pretrial release, and consequences such as pretrial detention and booking at a local detention facility), as well as on subsequent consequences for charge reduction, disposition, and sentencing. The project collected original data from six upstate New York counties (under pseudonyms). The data were collected from indigent defense programs' case files, supplemented by data from county detention facilities on booking and release. Demographic variables in this collection include defendant age, race, gender, and residency. 
540 |a ICPSR Terms of Use 
650 4 |a Bail 
650 4 |a defense counsel 
650 4 |a pretrial procedures 
650 4 |a Public defenders 
650 4 |a trial procedures 
655 7 |a Forschungsdaten  |0 (DE-588)1098579690  |0 (DE-627)857755366  |0 (DE-576)469182156  |2 gnd-content 
700 1 |a Davies, Andrew L.B.  |e MitwirkendeR  |4 ctb 
787 0 8 |i Forschungsdaten zu  |a Worden, Alissa  |t Beyond the city limits: Evaluating court reforms in rural and small-town courts  |d 2017  |w (DE-627)1912467526 
787 0 8 |i Forschungsdaten zu  |a Worden, Alissa  |t The CAFA project: Preliminary findings from the evaluation of counsel at first appearance  |d American Society of Criminology, 2015  |w (DE-627)1912471183 
787 0 8 |i Forschungsdaten zu  |a Worden, Alissa  |t Comparative analysis of the effects of counsel at first appearance on criminal case outcomes  |d American Society of Criminology, 2019  |w (DE-627)1912485818 
787 0 8 |i Forschungsdaten zu  |a Worden, Alissa  |t Counsel at first appearance in court: Defense lawyers' roles in pretrial justice  |d American Society of Criminology, 2017  |w (DE-627)1912494809 
787 0 8 |i Forschungsdaten zu  |a Worden, Alissa  |t Court reform: Why simple solutions might not fail? - A case study of implementation of counsel at first appearance  |d American Society of Criminology, 2016  |w (DE-627)1912495309 
787 0 8 |i Forschungsdaten zu  |a Worden, Alissa  |t Court reform: Why simple solutions might not fail? A case study of implementation of counsel at first appearance  |d 2017  |w (DE-627)1912495317 
787 0 8 |i Forschungsdaten zu  |a Worden, Alissa  |t Early Intervention By Counsel: A Multi-Site Evaluation of the Presence of Counsel at Defendants' First Appearances in Court  |d 2020  |w (DE-627)1912525321 
787 0 8 |i Forschungsdaten zu  |a Fei, Jingyi  |t Exploring the impact of pretrial detention on guilty plea outcomes  |d American Society of Criminology, 2019  |w (DE-627)1912551624 
787 0 8 |i Forschungsdaten zu  |a Worden, Alissa  |t Guaranteeing representation at first court appearances may be better for defendants, and cheaper for local governments  |d USApp - American Politics and Policy Blog, 2018  |h Online-Ressource  |w (DE-627)1912569493 
787 0 8 |i Forschungsdaten zu  |a Pollitz Worden, Alissa  |t The impact of counsel at first appearance on pretrial release in felony arraignments: the case of rural jurisdictions  |d 2020  |w (DE-627)1767980337 
787 0 8 |i Forschungsdaten zu  |a Morgan, Kristin  |t Providing counsel at first appearance in a semi-rural county  |d American Society of Criminology, 2014  |w (DE-627)1912668815 
787 0 8 |i Forschungsdaten zu  |a Worden, Alissa  |t Providing counsel at first appearance where you live: What it takes, and what a difference it makes  |d American Society of Criminology, 2018  |w (DE-627)1912668823 
787 0 8 |i Forschungsdaten zu  |a Worden, Alissa Pollitz  |t What Difference Does a Lawyer Make? Impacts of Early Counsel on Misdemeanor Bail Decisions and Outcomes in Rural and Small Town Courts  |d 2018  |w (DE-627)1726236501 
856 4 0 |u https://doi.org/10.3886/ICPSR37370.v1  |x Resolving-System  |z kostenfrei  |3 Volltext  |7 0 
935 |a mkri 
951 |a BO 
ELC |a 1 
LOK |0 000 xxxxxcx a22 zn 4500 
LOK |0 001 4296785966 
LOK |0 003 DE-627 
LOK |0 004 1840038713 
LOK |0 005 20230324125119 
LOK |0 008 230324||||||||||||||||ger||||||| 
LOK |0 035   |a (DE-2619)ICPSR37370 
LOK |0 040   |a DE-2619  |c DE-627  |d DE-2619 
LOK |0 092   |o n 
LOK |0 852   |a DE-2619 
LOK |0 852 1  |9 00 
LOK |0 935   |a foda  |a nacj 
LOK |0 939   |a 2023-03-24  |b l01 
OAS |a 1 
ORI |a WA-MARC-krimdoka001.raw